000 01086ngm a2200265 4500
003 dpl
005 2009031808108.0
007 DVD
008 ||||||sp199 xxu|||||c ||| 00| 0 ng d
010 _aDVD-001830
024 _aVENF 0040
_c49.00
035 _aDVD-001830
040 _aDPL
_cDPL
082 _aDVD / GRAV
245 _aThe Grave /
_cThe Kushner Locke Company Presents
_h[videorecording] DVD/
260 _bMoserbaer Entertainment
300 _a1 videodisc VCD;
_bsd., col. ;
_c4 3/4 in.
_fVCD
440 _aMoserbaer Home Entertainment
500 _aMoserbaer India Ltd. has obtained the necessary licence/conssent from the owner of the copyright in the wroks for making this DVD Film.
538 _aDolby Digital 5.1 -English Subtitles: English
650 _aMotion Picture
942 _cCF
_2ddc
_hDVD
_mGRAV
999 _c25393
_d25393